| 000 | 00765nam a22002537a 4500 | ||
|---|---|---|---|
| 003 | DO-SdBNP | ||
| 005 | 20171127114638.0 | ||
| 008 | 161031b 19uu sp a 00| 0 spa d | ||
| 020 | _a8475156711 | ||
| 040 |
_aBPMSU _bspa _cBPMSU |
||
| 082 |
_axxxx _bxxxx |
||
| 100 | _aBerger, Melvin | ||
| 245 | 1 | 3 |
_aLa llegada de los mamĂferos un mundo nuevo / _cMelvin Berger ; ilustraciones Robert Cremins |
| 260 |
_aMadrid : _bMontena - Mondibérica, _c[19--]. |
||
| 300 |
_a[16] p. : _bil. _c23 cm. |
||
| 490 | 0 | _aUn libro vivo | |
| 500 | _aEs un libro troquelados. | ||
| 700 | 1 |
_aCremins, Robert _eil. |
|
| 830 | 0 | _aUn libro vivo | |
| 910 | _a000144 | ||
| 942 |
_2ddc _cBK |
||
| 945 | _aInventariado extranjero / 2017 YL | ||
| 956 |
_aYLOCKWARD _b10 _c20171127 _d144 |
||
| 999 |
_c13121 _d13121 |
||